MARC details
| 000 -CABECERA |
| campo de control de longitud fija |
01152nam a2200253 u 4500 |
| 005 - FECHA Y HORA DE LA ÚLTIMA TRANSACCIÓN |
| campo de control |
20240924063841.0 |
| 008 - ELEMENTOS DE LONGITUD FIJA--INFORMACIÓN GENERAL |
| campo de control de longitud fija |
200120s2010 mx r 000 0 spa d |
| 035 ## - NÚMERO DE CONTROL DEL SISTEMA |
| Número de control de sistema |
UPN01000234981 |
| 040 ## - FUENTE DE LA CATALOGACIÓN |
| Centro catalogador/agencia de origen |
MX-MxUPN |
| Lengua de catalogación |
spa |
| Centro/agencia transcriptor |
MX-MxUPN |
| 041 0# - CÓDIGO DE IDIOMA |
| Código de lengua del texto/banda sonora o título independiente |
spa |
| 050 #4 - SIGNATURA TOPOGRÁFICA DE LA BIBLIOTECA DEL CONGRESO |
| Número de clasificación |
LA543.7 |
| Número de documento/Ítem |
E53 2010 |
| 111 2# - ASIENTO PRINCIPAL--NOMBRE DE REUNION |
| Nombre de congreso/reunión o jurisdicción como elemento de entrada |
Encuentro Internacional de Rectores de Universia |
| Número del congreso/reunión o número de parte o sección |
(2° : |
| Fecha del congreso/reunión |
2010 : |
| Sede del congreso/Lugar de la reunión |
Guadalajara, Jalisco, México) |
| 9 (RLIN) |
48323 |
| 245 10 - MENCIÓN DE TÍTULO |
| Título |
II Encuentro Internacional de Rectores de Universia |
| Resto del título |
Guadalajara 2010 : |
| -- |
por un espacio iberoamericano del conocimiento socialmente responsable |
| 246 13 - FORMA VARIANTE DE TÍTULO |
| Título propio/Titulo breve |
Segundo Encuentro Internacional de Rectores de Universia |
| 260 ## - PUBLICACIÓN, DISTRIBUCIÓN, ETC. |
| Lugar de publicación, distribución, etc. |
[Guadalajara, Jalisco, México] : |
| Nombre del editor, distribuidor, etc. |
Banco Santander, División Global Santander Universidades, |
| Fecha de publicación, distribución, etc. |
2010. |
| 300 ## - DESCRIPCIÓN FÍSICA |
| Extensión |
2 volúmenes : |
| Otras características físicas |
ilustraciones, mapas, fotografías a color, gráficas |
| 505 0# - NOTA DE CONTENIDO CON FORMATO PREESTABLECIDO |
| Nota de contenido con formato |
v. 1. [Texto condensado] -- v. 2. Documentos de trabajo |
| 650 #4 - ASIENTO SECUNDARIO DE MATERIA - TERMINO TEMATICO |
| Término de materia o nombre geográfico como elemento de entrada |
Educación superior |
| Subdivisión geográfica |
América Latina |
| Subdivisión de forma |
Congresos |
| 9 (RLIN) |
19382 |
| 650 #4 - ASIENTO SECUNDARIO DE MATERIA - TERMINO TEMATICO |
| Término de materia o nombre geográfico como elemento de entrada |
Universidades y colegios |
| Subdivisión geográfica |
América Latina |
| Subdivisión de forma |
Congresos |
| 9 (RLIN) |
48325 |
| 902 ## - ELEMENTOS DE DATOS B LOCAL, LDB (RLIN) |
| Modificó |
NoemiAcosta/150323 |
| 942 ## - ELEMENTOS DE PUNTO DE ACCESO ADICIONAL (KOHA) |
| Suprimir en OPAC |
No |
| Fuente del sistema de clasificación o colocación |
Library of Congress Classification |
| Tipo de ítem Koha |
Libro |